Poesie

-д хадгалсан:
Номзүйн дэлгэрэнгүй
Үндсэн зохиолч: Gianni Baeli
Формат: Ном
Хэл сонгох:Тодорхойгүй
Хэвлэсэн: Gruppo Cls Estero
Шошгууд: Шошго нэмэх
Шошго байхгүй, Энэхүү баримтыг шошголох эхний хүн болох!

MARC

LEADER 00000nam a2200000Ia 4500
001 R-1341
003 CODICE-MESSINA
005 20260212102506.0
008 260211s9999 xx 000 0 und d
040 |c importazione_messina 
100 |a Gianni Baeli 
245 0 |a Poesie 
260 |b Gruppo Cls Estero 
942 |2 ddc  |c BK 
952 |0 0  |1 0  |2 ddc  |4 0  |6 SCAFFALE_12_000000000000000__POESIA  |7 0  |9 32174  |a ME  |b ME  |d 2026-02-11  |l 0  |o SCAFFALE 12 - POESIA  |p R-1341  |r 2026-02-11 23:53:00  |w 2026-02-11  |x [REVISIONARE]  |y BK 
999 |c 27841  |d 27841